Heat and mass transfer (Record no. 5861)

000 -LEADER
fixed length control field 00529nam a2200205 4500
001 - CONTROL NUMBER
control field 5861
003 - CONTROL NUMBER IDENTIFIER
control field BD-DhUET
008 - FIXED-LENGTH DATA ELEMENTS--GENERAL INFORMATION
fixed length control field 700409m19679999is a b 000 0 eng
040 ## - CATALOGING SOURCE
Original cataloging agency DLC
Transcribing agency DLC
Modifying agency BD-DhUET
082 00 - DEWEY DECIMAL CLASSIFICATION NUMBER
Classification number 621.011
Item number ECK/1959
100 ## - MAIN ENTRY--PERSONAL NAME
Personal name Eckert, R. R. G.
245 00 - TITLE STATEMENT
Title Heat and mass transfer
250 ## - EDITION STATEMENT
Edition statement 2nd ed.
260 ## - PUBLICATION, DISTRIBUTION, ETC. (IMPRINT)
Place of publication, distribution, etc. New York
Name of publisher, distributor, etc. McGraw-Hill
Date of publication, distribution, etc. 1959
300 ## - PHYSICAL DESCRIPTION
Extent xiv, 530p.
490 1# - SERIES STATEMENT
Series statement McGraw-Hill series in mechanical engineering
650 #0 - SUBJECT ADDED ENTRY--TOPICAL TERM
Topical term or geographic name as entry element Heat-Transmission
700 ## - ADDED ENTRY--PERSONAL NAME
Personal name Drake, Robert M.
942 ## - ADDED ENTRY ELEMENTS (KOHA)
Koha item type General Book
Holdings
Piece designation (barcode) Price effective from Lost status Koha date last seen Koha date last borrowed Koha item type Sublocation or collection (holding branch) Koha issues (times borrowed) Withdrawn status Koha full call number Koha normalized classification for sorting Copy number Date acquired Location (home branch) Shelving location Source of classification or shelving scheme Not for loan Damaged status
366682014-11-29 2014-11-29 General BookCentral Library, BUET  621.011/ECK/1959621_011000000000000_ECK_1959 2014-11-29Central Library, BUETCirculation section   
148842014-12-03 2014-12-03 General BookCentral Library, BUET  621.011/ECK/1959621_000000000000000_011ECK195922014-12-03Central Library, BUETCirculation section   
113022015-04-12 2015-04-12 General BookCentral Library, BUET  621.011/ECK/1959621_011000000000000_ECK_195932015-04-12Central Library, BUETCirculation section   
312762015-04-12 2015-04-12 General BookCentral Library, BUET  621.011/ECK/1959621_011000000000000_ECK_195942015-04-12Central Library, BUETCirculation section   
312742015-04-12 2015-04-12 General BookCentral Library, BUET  621.011/ECK/1959621_011000000000000_ECK_195952015-04-12Central Library, BUETCirculation section   
312712015-04-12 2015-04-12 General BookCentral Library, BUET  621.011/ECK/1959621_011000000000000_ECK_195962015-04-12Central Library, BUETCirculation section   
312722015-04-12 2015-04-12 General BookCentral Library, BUET  621.011/ECK/1959621_011000000000000_ECK_195972015-04-12Central Library, BUETCirculation section   
312772015-04-13 2021-11-282020-03-02General BookCentral Library, BUET1 621.011/ECK/1959621_011000000000000_ECK_195982015-04-13Central Library, BUETCirculation section   
113012015-04-13 2015-04-13 General BookCentral Library, BUET  621.011/ECK/1959621_011000000000000_ECK_195992015-04-13Central Library, BUETCirculation section   
113032015-04-13 2015-04-13 General BookCentral Library, BUET  621.011/ECK/1959621_011000000000000_ECK_1959102015-04-13Central Library, BUETCirculation section   
246252015-04-13 2015-04-13 General BookCentral Library, BUET  621.011/ECK/1959621_011000000000000_ECK_1959112015-04-13Central Library, BUETCirculation section   
76522015-04-13 2015-04-13 General BookCentral Library, BUET  621.011/ECK/1959621_011000000000000_ECK_1959122015-04-13Central Library, BUETCirculation section   
243202015-04-13 2015-04-13 General BookCentral Library, BUET  621.011/ECK/1959621_011000000000000_ECK_1959132015-04-13Central Library, BUETCirculation section   
249762015-04-13 2015-04-13 General BookCentral Library, BUET  621.011/ECK/1959621_011000000000000_ECK_1959142015-04-13Central Library, BUETCirculation section   
312752015-04-13 2015-04-13 General BookCentral Library, BUET  621.011/ECK/1959621_011000000000000_ECK_1959152015-04-13Central Library, BUETCirculation section   
76552015-06-16 2015-06-16 General BookCentral Library, BUET  621.011/ECK/1959621_011000000000000_ECK_1959162015-06-16Central Library, BUETReading section